00474nam a22001217a 4500082000800000100001800008245014400026260003600170300001900206650004700225700002300272856005700295 a200 aMahmood, Asad aRole of Unconditional Cash Transfer in Reducing Risk and Building Resilience of Communities in Pakistan:bAn Analytic Study /cAsad Mahmood aIslamabad :bMCE - NUST,c2017. a76 p. ;c30cm. aMS-Construction Engineering and Management aDr. Naseem Shahzad uhttp://10.250.8.41:8080/xmlui/handle/123456789/11822